Normal view
MARC view
- الارشاد الزراعي- تعليم
Entry Topical Term
001 - CONTROL NUMBER
- control field: 64252
003 - CONTROL NUMBER IDENTIFIER
- control field: JO-AjAnu
005 - DATE AND TIME OF LATEST TRANSACTION
- control field: 20230606084501.0
008 - FIXED-LENGTH DATA ELEMENTS
- fixed length control field: 230606|| aca||aabn | a|a d
040 ## - CATALOGING SOURCE
- Original cataloging agency: JO-AjAnu
- Transcribing agency: JO-AjAnu
150 ## - HEADING--TOPICAL TERM
- Topical term or geographic name entry element: الارشاد الزراعي- تعليم
670 ## - SOURCE DATA FOUND
- Source citation: Work cat.: (JO-AjAnu)32757: تاليف الريماوي، احمد شكري؛ م .مشارك حسن جمعة حماد، م.مشارك خلدون عبد اللطيف الصبيحي, author 64251, مقدمة في الارشاد الزراعي